000 00309nam a22001457a 4500
008 211011b ||||| |||| 00| 0 eng d
020 _a1873942192
041 _aeng
080 _a612.39
082 _a612.39
100 _a10
101 _aNUT
245 _aDiet of Despair
_cPaterson,A
942 _2udc
_cBK
999 _c58154
_d58154